ECONOMETRA (Registro nro. 51255)
[ vista simple ]
| 000 -LEADER | |
|---|---|
| fixed length control field | 01036nam a2200205 a 4500 |
| 001 - CONTROL NUMBER | |
| control field | 51255 |
| 005 - DATE AND TIME OF LATEST TRANSACTION | |
| control field | 20180714040634.0 |
| 008 - FIXED-LENGTH DATA ELEMENTS--GENERAL INFORMATION | |
| fixed length control field | 140415s2003 mx 000 0 spa d |
| 020 ## - INTERNATIONAL STANDARD BOOK NUMBER | |
| International Standard Book Number | 0072335424 |
| 041 ## - LANGUAGE CODE | |
| Language code of text/sound track or separate title | spa |
| 082 ## - DEWEY DECIMAL CLASSIFICATION NUMBER | |
| Classification number | 330 |
| Item number | GUJ |
| 100 1# - MAIN ENTRY--PERSONAL NAME | |
| Personal name | GUJARATI, DAMODAR N. |
| 245 10 - TITLE STATEMENT | |
| Title | ECONOMETRA |
| 250 ## - EDITION STATEMENT | |
| Edition statement | 4ed. |
| 260 ## - PUBLICATION, DISTRIBUTION, ETC. | |
| Place of publication, distribution, etc. | MEXICO : |
| Name of publisher, distributor, etc. | MCGRAW-HILL INTERAMERICANA EDITORES, |
| Date of publication, distribution, etc. | 2003, 2004 |
| 300 ## - PHYSICAL DESCRIPTION | |
| Extent | 617 |
| Dimensions | 20 x 4.5 x 25 |
| 520 ## - SUMMARY, ETC. | |
| Summary, etc. | EL OBJETIVO PROCIPAL ES PROPORCIONAR UNA INTRODUCCION ELEMENTAL PERO COMPLETA A LA ECONOMETRÍA , SIN TENER QUE RECURRIR AL ALGEBRA MATRICIAL, AL CALCULO O A LA ESTADÍSTICA MÁS ALLA DE UN NIVEL ELEMENTAL. EN ESTA EDICIÓN SE HAN INCORPORADO ALGUNOS DE LOS DESARROLLOS EN LA TEORÍA Y LA PRÁCTICA DE LA ECONOMETRÍA EN LOS ÚLTIMOS AÑOS. EL LIBRO LO UTILIZAN NO SOLO ESTUDIANTES DE ECONOMIA Y NEGOCIOS, SI NO TAMBIEN ESTUDIANTES Y ESTUDIOSOS POLÍTICOS, RELACIONES INTERNACIONALES ,AGRICULTURA Y |
| 650 14 - SUBJECT ADDED ENTRY--TOPICAL TERM | |
| Topical term or geographic name entry element | ECONOMETRIA |
| 700 1# - ADDED ENTRY--PERSONAL NAME | |
| Personal name | GARMENDIA GUERRERO, DEMETRIO |
| Relator term | tr. |
| Withdrawn status | Lost status | Source of classification or shelving scheme | Damaged status | Not for loan | Collection code | Home library | Current library | Shelving location | Date acquired | Source of acquisition | Inventory number | Total Checkouts | Total Renewals | Full call number | Barcode | Date last seen | Date last checked out | Price effective from | Koha item type |
|---|---|---|---|---|---|---|---|---|---|---|---|---|---|---|---|---|---|---|---|
| Dewey Decimal Classification | General | Biblioteca Karol Wojtyla | Biblioteca Karol Wojtyla | Sala general | 03/12/2013 | Compra | 151000000000000000054697 | 5 | 1 | 330 GUJ | 76417 | 05/01/2026 | 11/11/2022 | 03/12/2013 | Libro |